000 01144nam a2200361 a 4500
001 vtls000024571
003 NLI
005 20210601182559.0
008 101125s1958 nyu 000 0 eng
020 _c$ 3.75
039 9 _y201011250209
_zVLOAD
040 0 _aNLI
_beng
_cVERGIS-2003
041 0 _aeng
044 _anyu
082 0 4 _a658.882
100 1 _aCurtis, Edward T.
_974160
245 1 0 _aCredit department organization and operation:
_ba survey of company practices/
_cEdward T. Curtis
260 _aNew York:
_bAmerican Management Association,
_c1958
300 _a144 p.;
_c23 cm.
440 0 _aResearch study
_vno. 34
_961278
650 0 _aCredit departments
_968280
650 0 _aCollecting of accounts
_965329
887 _aJansi
901 _a347961
_b25/10/1962
902 _aE 658.882 C 942
903 _a16/03/2004
904 _aJansi
906 _a024449
949 _AVIRTUAITEM
_D10000
_F1
_X100
_6PUR000347961ENG
_aE 658.882 C942
942 _2ddc
_cBKS
999 _aVIRTUA
_c27872
_d27872
999 _aVTLSSORT0080*0200*0400*0410*0440*0820*1000*2450*2600*3000*4400*6500*6501*8520*9010*9020*9030*9040*9060*9490*9991